Possibilities of using energy performance contracting for retrofit of apartment houses
Saved in:
| Main Author: | |
|---|---|
| Other Authors: | |
| Format: | Manuscript Book |
| Language: | Slovak English |
| Published: |
2022
|
| Subjects: | |
| Online Access: | http://is.stuba.sk/zp/portal_zp.pl?podrobnosti=152560 |
| Tags: |
No Tags, Be the first to tag this record!
|
MARC
| LEADER | 00000ntm a22000003a 4500 | ||
|---|---|---|---|
| 001 | stuzp71322 | ||
| 003 | SK-STU | ||
| 005 | 20221029210246.8 | ||
| 007 | ta | ||
| 008 | 150427s2015----xo-----f-mn---000-0-slo-d | ||
| 040 | |a STU |b slo | ||
| 041 | 0 | |a eng | |
| 100 | 1 | |a Gombošová, Veronika |u 010290 |4 aut |U SvF Stavebná fakulta |T SvF Katedra technických zariadení budov |X 63269 |U V290 |Y 31 |7 63269 | |
| 242 | 0 | 1 | |a Možnosti využitia garantovanej energetickej služby pri obnove bytových domov |y slo |
| 245 | 1 | 0 | |a Possibilities of using energy performance contracting for retrofit of apartment houses |
| 260 | |c 2022 | ||
| 650 | 4 | |a garantovaná energetická služba |2 slo | |
| 650 | 4 | |a ziskovosť |2 slo | |
| 650 | 4 | |a obnova budov |2 slo | |
| 650 | 4 | |a financovanie |2 slo | |
| 650 | 4 | |a bytový dom |2 slo | |
| 650 | 4 | |a energy performance contracting |2 eng | |
| 650 | 4 | |a apartment house |2 eng | |
| 650 | 4 | |a profitability |2 eng | |
| 650 | 4 | |a building retrofit |2 eng | |
| 650 | 4 | |a funding |2 eng | |
| 700 | 1 | |a Krajčík, Michal |u 010290 |k Z1 |4 ths |U SvF Stavebná fakulta |T SvF Katedra technických zariadení budov |X 20318 |U V290 |Y 31 |7 A000020318 | |
| 856 | 4 | |u http://is.stuba.sk/zp/portal_zp.pl?podrobnosti=152560 | |